000
00302nam a22001337a 4500
008
180928b xxu||||| |||| 00| 0 eng d
020
_a
0070538719
041
_a
eng
080
_a
370
100
_a
47
101
_a
EDU
245
_a
Essential Of Behavioral Research
_c
Rosnow,R,L
942
_2
udc
_c
BK
999
_c
48702
_d
48702